000
00249nam a22001217a 4500
008
171027b xxu||||| |||| 00| 0 eng d
041
_a
eng
080
_a
336
100
_a
55
101
_a
MEN
245
_a
STATISTIKA
_c
SHKODRA,S
942
_2
udc
_c
BK
999
_c
35988
_d
35988